Managing credit risk in corporate bond portfolios : A practitioner’s guide

Shranjeno v:
Bibliografske podrobnosti
Glavni avtor:  Ramaswamy, Srichander
Format: Sách
Jezik:Undetermined
Izdano:  Wiley  2004
Teme:
Oznake: Označite
Brez oznak, prvi označite!
Thư viện lưu trữ: Trung tâm Thư viện - Trường Đại học Công nghiệp TP. Hồ Chí Minh
LEADER 00523nam a2200157Ia 4500
001 UIH_07361
008 231011s9999 xx 000 0 und d
082 |a  332.63234 
100 |a  Ramaswamy, Srichander 
245 0 |a  Managing credit risk in corporate bond portfolios : A practitioner’s guide 
245 0 |c  Ramaswamy, Srichander 
260 |b  Wiley 
260 |c  2004 
650 |a  Trái phiếu;  
927 |a Sách 
980 |a Trung tâm Thư viện - Trường Đại học Công nghiệp TP. Hồ Chí Minh